| 000 | 00504nam a2200181Ia 4500 | ||
|---|---|---|---|
| 005 | 20250423101002.0 | ||
| 008 | 250422s9999 xx 000 0 und d | ||
| 020 | _a1576101762 | ||
| 050 | _aQA 76.9.D3 .M39/ | ||
| 100 | _aMcCarty, Bill | ||
| 245 | 0 | _aSQL database programming with Java | |
| 260 | _aNew York | ||
| 260 | _bCoriolis Group Books | ||
| 260 | _c1998 | ||
| 300 | _a493 p | ||
| 650 | _aDatabase management. SQL (Computer program language) Java (Computer program language) | ||
| 942 | _cBK | ||
| 999 |
_c34938 _d34938 |
||